000 01127nam a22003017a 4500
001 9504
003 FISKH
005 20260115161659.0
008 260115b cb ||||| |||| 00| 0 eng d
020 _a9781595721143
040 _aFISKH
_beng
_cFISKH
_dFISKH
050 _aPZ8.T247 M
082 _a823.914
100 _aTeis , Kyra
245 _aThe magic flute :
_bAn opera by Mozart /
_cAdapted by Kyra Teis
260 _aNew York :
_bStar Bright Books ,
_c2008.
300 _a32 unnumbered pages :
_bcolor illustrations ;
_c25 X 25 cm .
505 _aN
520 _aA retelling, based on Mozart's opera, of how Prince Tamino strives to pass three tests set by the ruler of the Kingdom of Light in order to overcome the evil power of the Queen of the Night and win the hand of her daughter, the beautiful Pamina. Includes ideas for creating one's own "Mozart magic."
521 8 _a590
_bLexile
521 8 _aN
_bRaz-Plus
650 _aFairy tales
650 _aLove
_vFiction
650 _aPrincess
_vFiction
650 _aOpera-Stories plots , etc
942 _2ddc
_cBK
_n0
999 _c9504
_d9504